Hyperspace: a scientific odyssey through the 10th dimension (Record no. 46074)

MARC details
000 -LEADER
fixed length control field 00711nam a2200181 a 4500
008 - FIXED-LENGTH DATA ELEMENTS--GENERAL INFORMATION
fixed length control field 130416s1994 ||||||||||||||||| || u
020 ## - INTERNATIONAL STANDARD BOOK NUMBER
International Standard Book Number 9780195690798
050 ## - LIBRARY OF CONGRESS CALL NUMBER
Classification number QC 793.3.F5 Kak
100 ## - MAIN ENTRY--PERSONAL NAME
Personal name Kaku, Michio
245 10 - TITLE STATEMENT
Title Hyperspace: a scientific odyssey through the 10th dimension
Statement of responsibility, etc. by Michio Kaku, and illustrated by Robert O'Keefe
250 ## - EDITION STATEMENT
Edition statement Indian edition
260 ## - PUBLICATION, DISTRIBUTION, ETC.
Place of publication, distribution, etc. Oxford:
Name of publisher, distributor, etc. Oxford University Press
Date of publication, distribution, etc. 1994
300 ## - PHYSICAL DESCRIPTION
Extent xvi, 359p.: ill.
650 ## - SUBJECT ADDED ENTRY--TOPICAL TERM
Topical term or geographic name entry element SUPERSTRING THEORIES
650 ## - SUBJECT ADDED ENTRY--TOPICAL TERM
Topical term or geographic name entry element KALUZA-KLEIN THEORIES
650 ## - SUBJECT ADDED ENTRY--TOPICAL TERM
Topical term or geographic name entry element HYPERSPACE
995 ## - RECOMMENDATION 995 [LOCAL, UNIMARC FRANCE]
-- CBU-MAIN LIBRARY (Kitwe)
-- 1
-- AVAILABLE
-- Jun 13, 2013
-- Annex Low-Usage Collection
Holdings
Withdrawn status Lost status Source of classification or shelving scheme Damaged status Not for loan Home library Current library Shelving location Date acquired Total Checkouts Full call number Barcode Date last seen Price effective from Koha item type
          CBU-MAIN LIBRARY, KITWE. CBU-MAIN LIBRARY, KITWE.   11/30/2022   QC 793.3.F5 Kak 743869 11/30/2022 11/30/2022 MONOGRAPH